00581cam a2200193ua 45000010005000000080039000050400009000440820014000531000022000672450050000892500009001392600033001483000020001816530022002016530031002239420007002549990015002619520111002762387110808n ii |||gr||||Z||||||asm cMAIN a341.33026 aGogoi, Purandar., aAntarjatik ain aru kutniticBy Purandar Gogoi a1st. aDibrugarh:bBanalata,c2005. a240 p.:c23 cm. aPolitical science aAntarjatik ain aru kutniti cBK c2244d2244 00104070aMAINbMAINcGENd2020-09-19l0o341.33026 | GOGp4265ar2020-09-19 00:00:00t1w2020-09-19yBK